| 000 | 00356nam a2200145Ia 4500 | ||
|---|---|---|---|
| 008 | 150301s2013 xx 000 0 und d | ||
| 082 |
_a617.695 _bM2011M |
||
| 100 | _aMAHALAXMI ,S | ||
| 245 | _aMATERIALS USED IN DENTISTRY | ||
| 250 | _a1ST | ||
| 260 |
_bWOLTERS KLUWER _aNEW DELHI _c2013 |
||
| 300 | _a1-832 | ||
| 650 | _aPROSTHODONTICS | ||
| 942 |
_2ddc _cBK |
||
| 999 |
_c6920 _d6920 |
||